| 000 | 01686nam0 2200349 ib4500 | ||
|---|---|---|---|
| 001 | BY-MI0005-br129939 | ||
| 005 | 20251218154249.0 | ||
| 010 |
^a978-5-9614-2928-2 ^bв переплете ^d3р.92к. |
||
| 100 | ^a20251218d2022 cd y0rusy50 ca | ||
| 101 | 1 |
^arus ^cger |
|
| 102 | ^aRU | ||
| 105 | ^aac z 000ay | ||
| 109 | ^ama | ||
| 200 | 1 |
^aПриключения Конни на зимних каникулах ^e[повесть ^eдля младшего школьного возраста] ^fЮлия Бёме ^gс иллюстрациями Хердис Альбрехт ^g[перевод с немецкого Ю. Капустюк] |
|
| 210 |
^aМосква ^cАльпина Паблишер ^d2022 |
||
| 215 |
^a103, [6] с. ^cил., цв. ил., портр. ^d21 см |
||
| 225 | 1 | ^aСерия "Лучший друг ― Конни" | |
| 306 | ^aНа переплете и титульном листе в выходных данных: Альпина дети | ||
| 333 | ^a6+ | ||
| 345 | ^91500 экз. | ||
| 608 |
^aПОВЕСТЬ ^3BY-NLB-ar23936 ^2BYGNR |
||
| 608 |
^aДЕТСКАЯ И ЮНОШЕСКАЯ ЛИТЕРАТУРА (художеств. произведение) ^3BY-NLB-ar9019 ^2BYGNR |
||
| 686 |
^a84(4Гем) ^2rubbk |
||
| 690 |
^a1 ^2Base ^9BY-MI0005 ^xRSEK |
||
| 700 | 1 |
^aБеме ^bЮ. ^gЮлия ^4070 |
|
| 702 | 1 |
^aАльбрехт ^bХ. ^gХердис ^4440 |
|
| 702 | 1 |
^aКапустюк ^bЮ. Б. ^gЮлия Борисовна ^cпереводчица ^fрод. 1981 ^3BY-SEK-ar9970332 ^4730 |
|
| 801 | 0 |
^aBY ^bBY-MI0005 ^c20251218 ^gRCR |
|
| 035 | ^a(BY-MI0005)BY-MI0005-br129939 | ||
| 899 | 0 |
^aBY-MI0005 ^iБ45 ^h84(4Гем) |
|